|
|
|
|
| LEADER |
00000nam a2200000 4500 |
| 001 |
vtls011764200 |
| 003 |
SK-MaSNL |
| 005 |
20260301183314.0 |
| 007 |
co bg auuua |
| 008 |
180626s2017 xo | fqnp 000 0 slo |
| 015 |
|
|
|a SNBS2018
|
| 020 |
|
|
|a 9788055326818
|q (elektronická kniha)
|
| 040 |
|
|
|a SNK
|b slo
|c SNK
|e rda
|
| 041 |
0 |
|
|a slo
|
| 044 |
|
|
|a xo
|c SK
|
| 072 |
|
7 |
|a 621.3
|x Elektrotechnika
|2 konspekt
|
| 080 |
|
|
|a 621.3
|2 2011
|
| 080 |
|
|
|a 621.3.03-024.14
|2 2011
|
| 080 |
|
|
|a 621.315.61
|2 2011
|
| 080 |
|
|
|a 621.3.042
|2 2011
|
| 080 |
|
|
|a (075.8)
|2 2011
|
| 080 |
|
|
|a (0.034.44)
|2 2011
|
| 100 |
1 |
|
|a Kováč, Dobroslav,
|d 1961-
|4 aut
|9 153197
|
| 245 |
1 |
0 |
|a Základy elektrotechniky
|n III
|p Dielektrické a magnetické obvody
|c Dobroslav Kováč
|
| 246 |
3 |
0 |
|a Dielektrické a magnetické obvody
|
| 250 |
|
|
|a 1. vydanie
|
| 264 |
|
1 |
|a Košice
|b Technická univerzita v Košiciach
|c 2017
|
| 300 |
|
|
|a 1 CD-ROM
|c 12 cm
|
| 336 |
|
|
|a text
|b txt
|2 rdacontent
|
| 337 |
|
|
|a počítač
|b c
|2 rdamedia
|
| 338 |
|
|
|a počítačový disk
|b cd
|2 rdacarrier
|
| 347 |
|
|
|a textový súbor
|b PDF
|2 rda
|
| 500 |
|
|
|a Názov z disku
|
| 500 |
|
|
|a Na titulnej obrazovke nad názvom: Technická univerzita v Košiciach, Fakulta elektrotechniky a informatiky
|
| 504 |
|
|
|a Obsahuje bibliografiu
|
| 650 |
0 |
7 |
|a elektrotechnika
|2 SNKPH
|9 3619
|
| 650 |
0 |
7 |
|a elektrotechnické súčiastky
|2 SNKPH
|9 3920
|
| 650 |
0 |
7 |
|a dielektriká
|2 SNKPH
|9 19715
|
| 650 |
0 |
7 |
|a magnetické obvody
|2 SNKPH
|9 120563
|
| 650 |
0 |
7 |
|a Electric engineering
|2 SNKPHeng
|9 266630
|
| 650 |
0 |
7 |
|a Electric components
|2 SNKPHeng
|9 542537
|
| 650 |
0 |
7 |
|a Dielectrics
|2 SNKPHeng
|9 321081
|
| 650 |
0 |
7 |
|a Magnetic circuits
|2 SNKPHeng
|9 558391
|
| 655 |
|
7 |
|a CD-ROM
|2 SNKPH
|9 70236
|
| 655 |
|
7 |
|a učebnice vysokých škôl
|2 SNKPH
|9 70191
|
| 655 |
|
7 |
|a Textbooks (higher)
|2 SNKPHeng
|9 276436
|
| 710 |
2 |
|
|a Technická univerzita v Košiciach.
|b Fakulta elektrotechniky a informatiky
|4 pbl
|9 124217
|
| 919 |
|
|
|a 978-80-553-2681-8
|
| 958 |
|
|
|a NB
|
| 999 |
|
|
|c 856539
|d 858469
|
| 952 |
|
|
|a SNK
|b SNK
|y PREZ
|7 0
|p 17A1332768
|o snkSCDM 9937/3
|i snk2018/13720
|8 0
|0 0
|1 0
|4 0
|d 2018-06-26
|l 0
|r 2026-02-24 04:59:25
|w 2026-02-24
|